000 00786nam a22002657a 4500
003 DO-SdBNP
005 20180226132350.0
008 151127b 2006 pn a 00| 0 spa d
020 _a9962629373
040 _aBPMSU
_bspa
_cBPMSU
041 1 7 _aspa
_heng
082 4 _axxxxx
_bxxxxx
100 1 _aAlvarado, Pat
245 1 0 _aCandy la cucaracha generosa = Candy the generous cockroach /
_cPat Alvarado ; ilustración Andrea E. Alvarado.
246 1 0 _aCandy the generous cockroach
250 _a2a ed.
260 _aPanama :
_bPiggy Press Books,
_c2006.
300 _a31 p. :
_bil. ;
_c20 cm.
500 _aTextos en dos idiomas
700 1 _aAlvarado, Andrea E.,
_eil.
910 _a00260
942 _2ddc
_cBK
945 _aInventariado, 2018 / BT
956 _aLorenza Pérez
_b10
999 _c8943
_d8943